000 00748nam a2200289Ia 4500
005 20260324111701.0
008 008 260324s9999 xx 000 0 eng d
020 _a9781003024651
037 _aEBOOK
040 _aCRL
040 _beng
040 _cCRL
041 _2eng
041 _aeng
084 _qCRL
100 _aSergio Espuelas
_91139579
245 3 _aAn Economic History of the Spanish Welfare State
245 4 _bThe Political Economy of Social Policy from the Mid-19th Century to the Present
260 _bTaylor and Francis
260 _c2025
365 _a
365 _b230
856 _uhttp://www.taylorfrancis.com/books/9781003024651
942 _cEBOOK
999 _c1728483
_d1728483